000 00431pab a2200157 454500
008 180718b2011 xxu||||| |||| 00| 0 eng d
100 _aWitzel, Michael
245 _aShamanism in Northern and Southern Eurasia: Their distinctive methods of change of consciousness
260 _c2011
300 _ap.39-61.
362 _aMar
650 _aConsciousness
773 _aSocial Science Information
908 _aN
909 _a90970
999 _c90970
_d90970